Diciembre / (Record no. 15329)

MARC details
000 -CABECERA
campo de control de longitud fija 00619nam a2200217 a 4500
005 - FECHA Y HORA DE LA ÚLTIMA TRANSACCIÓN
campo de control 20240316063855.0
008 - ELEMENTOS DE LONGITUD FIJA--INFORMACIÓN GENERAL
campo de control de longitud fija 991125 mx 000 0 spa u
020 ## - NÚMERO INTERNACIONAL NORMALIZADO PARA LIBROS
Número Internacional Estándar del Libro 9706113177
035 ## - NÚMERO DE CONTROL DEL SISTEMA
Número de control de sistema UPN01000015329
049 ## - COLECCIÓN
Colección I
050 #4 - SIGNATURA TOPOGRÁFICA DE LA BIBLIOTECA DEL CONGRESO
Número de clasificación PZ8.7 D5.98
100 1# - ASIENTO PRINCIPAL--NOMBRE PERSONAL
Nombre de persona Disney, Walt,
Fechas asociadas al nombre 1901-1966
245 10 - MENCIÓN DE TÍTULO
Título Diciembre /
Mención de responsabilidad, etc. tr. Jorge Anaya Roa
260 ## - PUBLICACIÓN, DISTRIBUCIÓN, ETC.
Lugar de publicación, distribución, etc. México :
Nombre del editor, distribuidor, etc. Grolier$bSalvat
300 ## - DESCRIPCIÓN FÍSICA
Extensión 53 p. :
Otras características físicas il., col
440 #3 - MENCIÓN DE SERIE/ASIENTO SECUNDARIO--TÍTULO
Título Un cuento para cada día
534 ## - NOTA SOBRE LA VERSIÓN ORIGINAL
Encabezamiento principal del original Traducción de:$t Story a day : winter
650 #2 - ASIENTO SECUNDARIO DE MATERIA - TERMINO TEMATICO
Término de materia o nombre geográfico como elemento de entrada Cuentos de aventuras
9 (RLIN) 9134
650 #4 - ASIENTO SECUNDARIO DE MATERIA - TERMINO TEMATICO
Término de materia o nombre geográfico como elemento de entrada LITERATURA DE ENTRETENIMIENTO
905 ## - TIPO DE MATERIAL
Tipo de material Infantil
Holdings
Estado de retiro Estado de pérdida Fuente del sistema de clasificación o colocación Estado dañado No para préstamo Código de colección Localización permanente Ubicación/localización actual Ubicación en estantería Total de préstamos Clasificación Código de barras Fecha visto por última vez Número de copia Tipo de ítem Koha
    Library of Congress Classification     Infantil Bib. Gregorio Torres Quintero Bib. Gregorio Torres Quintero Sala infantil Planta baja   PZ8.7 D5.98 107247 31/12/2020 1 Libro